| 000 | 01946nam0a2200349 4500 | ||
|---|---|---|---|
| 001 | RU\NLR\BIBL_A\022784365 | ||
| 005 | 20260614173318.0 | ||
| 010 |
_a978-5-4465-4600-8 _9200 |
||
| 035 | _a(NLR Aleph) 022784365 | ||
| 090 |
_a13729150 _c13729150 |
||
| 100 | _a20260414d2026 u y0rusy50 ca | ||
| 101 | 0 | _arus | |
| 102 | _aRU | ||
| 105 | _aa|||z|||000gy | ||
| 181 | 0 |
_ai3 _baxxe |
|
| 182 | 0 | _an | |
| 200 | 1 |
_aДуша доверилась душе _eстихи _fЕлизавета Баева, Герман Беляков |
|
| 203 |
_aТекст _bвизуальный _cнепосредственный |
||
| 205 | _a[Изд. 2-е, доп. и перераб.] | ||
| 210 |
_aМосква _cБуки Веди _d2026 |
||
| 215 |
_a335 с. _cил. _d17 |
||
| 327 | 1 | _aСодерж.: циклы: Прикасаюсь к памяти - прикасаюсь к жизни; То ли женщина, то ли цветок; Я лечу на зарю; У горя есть предгоре; Всё любя, никого не любить / Герман Беляков. И казалось, нет на свете горя; По кривой, закрученной петлёю; Не простила - разлюбила; И реальное вдруг оказалось зримым; Приснилось обручальное кольцо / Елизавета Баева. Душа доверилась душе / Елизавета Баева, Герман Беляков | |
| 686 | 2 | _aШ6(2=Р)8-5Баева | |
| 686 | 2 | _aШ6(2=Р)8-5Беляков | |
| 700 | 1 |
_aБаева _bЕ. Д. _f1949- _gЕлизавета Дмитриевна _3RU\NLR\AUTH\7716984 |
|
| 701 | 1 |
_aБеляков _bГ. В. _gГерман Вениаминович |
|
| 942 | _cBOOK | ||
| 980 | _aNB | ||